| 000 | 01378nam a2200289 i 4500 | ||
|---|---|---|---|
| 001 | 190630 | ||
| 003 | ES-MaACL | ||
| 005 | 20251014063308.0 | ||
| 008 | 220225s2017 sp 001 0 spa | ||
| 020 | _a978-84-7112-836-2 | ||
| 080 | _a165 | ||
| 080 | _a316.334.3 | ||
| 100 | 1 |
_aSantos, Boaventura de Sousa, _d1940- _9174217 |
|
| 245 | 1 | 0 |
_aJusticia entre saberes : _bepistemologías del sur contra el epistemicidio / _cBoaventura de Sousa Santos ; traducido por Roc Filella. |
| 260 |
_aSan Sebastián de los Reyes, Madrid : _bMorata, _c[2017] |
||
| 300 |
_a348 p. ; _c24 cm. |
||
| 490 | 1 | _aSociología. Estudios internacionales | |
| 500 | _aÍndice. | ||
| 504 | _aBibliografía: p. [307]-332. | ||
| 505 | 8 | _aManifiesto por el buen vivir ; Minifiesto por los activistas-intelectuales ; Introducción: Más allá de la imaginación política y de la teoría crítica euro-céntricas ; Primera parte: Modernidades centrífugas y los occidentes subalternos: grados de separación ; Segunda parte: Hacia las epistemologías del sur: contra el desperdicio de la experiencia | |
| 650 | 4 |
_aEpistemología. _912338 |
|
| 650 | 4 |
_aSociología política. _917215 |
|
| 830 | 1 |
_aSociología. Estudios internacionales _9225916 |
|
| 852 | 4 |
_aES-MaACL _jA-14893 _9197809 _bR.152242 _cDEPO1 _dOlim: N-7893 _hDonación: Editorial |
|
| 942 | _2udc | ||
| 999 |
_c190630 _d190630 |
||